Ευρωπαϊκό νομικό πλαίσιο σύμφωνα με το συμβούλιο της Ευρώπης για τις μειονοτικές γλώσσες και τις ιστορικές μειονοτικές γλώσσες στην Ελλάδα : η περίπτωση της τουρκικής και σλαβομακεδονικής στη Δυτική Θράκη και Δυτική Μακεδονία : διπλωματική εργασία [μεταπτυχιακή εργασία]

Αποθηκεύτηκε σε:
Λεπτομέρειες βιβλιογραφικής εγγραφής
Κύριος συγγραφέας: Μαραγκού, Αικατερίνη-Μαρία
Συγγραφή απο Οργανισμό/Αρχή: Πανεπιστήμιο Αιγαίου Σχολή Ανθρωπιστικών Επιστημών Τμήμα Μεσογειακών Σπουδών Πρόγραμμα Μεταπτυχιακών Σπουδών Πολιτικές, Οικονομικές και Διεθνείς Σχέσεις στη Μεσόγειο
Άλλοι συγγραφείς: Καραντζόλα, Ελένη (dgsf)
Μορφή: Thesis Βιβλίο
Γλώσσα:Greek
Δημοσίευση: 2011.
Θέματα:
Διαθέσιμο Online:http://hdl.handle.net/11610/12389
Ετικέτες: Προσθήκη ετικέτας
Δεν υπάρχουν, Καταχωρήστε ετικέτα πρώτοι!

MARC

LEADER 00000cam a2200000 i 4500
001 1/19209
008 120507s2011 gre d
035 |l 10112348 
040 |a GR-MY-UA  |b gre  |e aacr 
041 0 |a gre 
082 7 |a 489.3   |2 (22) 
100 1 |a Μαραγκού, Αικατερίνη-Μαρία. 
245 1 0 |a Ευρωπαϊκό νομικό πλαίσιο σύμφωνα με το συμβούλιο της Ευρώπης για τις μειονοτικές γλώσσες και τις ιστορικές μειονοτικές γλώσσες στην Ελλάδα :   |b η περίπτωση της τουρκικής και σλαβομακεδονικής στη Δυτική Θράκη και Δυτική Μακεδονία : διπλωματική εργασία [μεταπτυχιακή εργασία] /   |c Αικατερίνη-Μαρία Μαραγκού ; επιβλέπουσα: Ελένη Καραντζόλα. 
260 |c 2011. 
300 |a 101 σ. :   |b πιν. ;   |c 30 εκ. 
500 |a Μέλη εξεταστικής επιτροπής: Παναγιώτης Τσάκωνας, Κωνσταντίνος Μαγκλιβέρας. 
502 |a Διατριβή (μεταπτυχιακή) – Πανεπιστήμιο Αιγαίου, Ρόδος, 2011. 
504 |a Βιβλιογραφία: 97-101. 
650 0 |a Minorities  |z Greece  |z Thrace, Western. 
650 0 |a Minorities  |z Greece  |z Dytike Makedonia. 
650 0 |a Minorities  |x Education  |z Greece  |z Thrace, Western. 
650 0 |a Minorities  |x Education  |z Greece  |z Dytike Makedonia. 
650 0 |a Slavic languages. 
650 0 0 |a Dissertations, Academic  |z Greece. 
700 1 |a Καραντζόλα, Ελένη,  |e dgsf 
710 2 |a Πανεπιστήμιο Αιγαίου  |b Σχολή Ανθρωπιστικών Επιστημών  |b Τμήμα Μεσογειακών Σπουδών  |b Πρόγραμμα Μεταπτυχιακών Σπουδών Πολιτικές, Οικονομικές και Διεθνείς Σχέσεις στη Μεσόγειο. 
852 |a INST  |b RHODES  |c DIATR  |e 20120507  |h 489.3 ΜΑΡ  |p 005400034348  |q 005400034348  |t MTXE  |y 23 
852 |a INST  |b RHODES  |c DIATR  |e 20120507  |h 489.3 ΜΑΡ  |p 005400034349  |q 005400034349  |t MTXE  |y 23 
856 |u http://hdl.handle.net/11610/12389 
901 |a BIBL4-2012-2 
909 |a Ρ  |b 170972 
909 |a Ρ  |b 170973 
924 |a ΜΑΡΑΓΚΟΥ  |b ΑΙΚΑΤΕΡΙΝΗ-ΜΑΡΙΑ  |y ΡΟΔΟΣ  |z 2011-10 
970 |z 2012/05/07